Statistics for Fairy Tail Characters

Click here to take the quiz!

General Stats

  • This quiz has been taken 2,589 times
  • The average score is 13 of 15

Answer Stats

HintAnswer% Correct
"Salamander"Natsu
100%
"Titania"Erza
99%
Ice MageGrey or Gray
99%
Fire Wizard`s CatHappy
99%
Ceslestial MageLucy
98%
Air SorcerresWendy
94%
Metal Dragon SlayerGajeel or Gazeel
93%
"Devil Woman"Mirajane
87%
Alchoholic card userCana
85%
Air Sorcerres` catCarla
84%
"Beast Arm"Elfman
84%
Fairy Tail GuildmasterMakarov
82%
Celestial SpirtLoke
81%
"Solid Script Magic"Levy
77%
Metal Dragon Slayer`s catPanther Lily
74%

Score Distribution

Percentile by Number Answered

Percent of People with Each Score

Your Score History

You have not taken this quiz